Handbook of pure seed definitions / (Record no. 12346)

MARC details
000 -LEADER
fixed length control field 00708cam a2200229Ia 4500
001 - CONTROL NUMBER
control field u5351
003 - CONTROL NUMBER IDENTIFIER
control field SIRSI
005 - DATE AND TIME OF LATEST TRANSACTION
control field 20180219124542.0
008 - FIXED-LENGTH DATA ELEMENTS--GENERAL INFORMATION
fixed length control field 960104s1987 sz a b 001 0 eng d
039 #9 - LEVEL OF BIBLIOGRAPHIC CONTROL AND CODING DETAIL [OBSOLETE]
Level of rules in bibliographic description 200212011035
Level of effort used to assign nonsubject heading access points soso
-- 200203190938
-- load
040 ## - CATALOGING SOURCE
Original cataloging agency EAL.
050 ## - LIBRARY OF CONGRESS CALL NUMBER
Classification number SB117
Item number H35 1987
245 00 - TITLE STATEMENT
Title Handbook of pure seed definitions /
Statement of responsibility, etc. by Elizabeth M. Felfoldi.
260 0# - PUBLICATION, DISTRIBUTION, ETC.
Place of publication, distribution, etc. Zurich, Switzerland :
Name of publisher, distributor, etc. The International Seed Testing Association,
Date of publication, distribution, etc. 1987.
300 ## - PHYSICAL DESCRIPTION
Extent v, 59 p.:
Other physical details ill. ;
Dimensions 30 cm.
500 ## - GENERAL NOTE
General note With illustrations
504 ## - BIBLIOGRAPHY, ETC. NOTE
Bibliography, etc. note Includes index.
596 ## -
-- 1
650 #0 - SUBJECT ADDED ENTRY--TOPICAL TERM
Topical term or geographic name entry element Seeds.
942 ## - ADDED ENTRY ELEMENTS (KOHA)
Koha item type Reference
Source of classification or shelving scheme Library of Congress Classification
Holdings
Withdrawn status Lost status Source of classification or shelving scheme Damaged status Not for loan Home library Current library Shelving location Date acquired Total Checkouts Full call number Barcode Date last seen Copy number Price effective from Koha item type
    Library of Congress Classification     Main Main Reference 02/19/2018   SB117 H35 1987 R2132 02/19/2018 1 02/19/2018 Reference

Home | About ENAL | Collections | Services | Activities | Calendar | Contact us

7 Nadi El Sayed St., Giza, Egypt | Phone:02-33351121 +02-33351313 | 
| Email: enalegypt@gmail.com